Faculty of Law Library — Cairo University

Official Online Catalog

Recueil des arbitrages internationaux. (Record no. 67774)

MARC details
000 -LEADER
fixed length control field 00936nam a2200289 4500
003 - CONTROL NUMBER IDENTIFIER
control field EG-GICUC
005 - DATE AND TIME OF LATEST TRANSACTION
control field 20260331113037.0
008 - FIXED-LENGTH DATA ELEMENTS--GENERAL INFORMATION
fixed length control field 260331s1905 fr ||||fr|||| 00| 0 fredd
040 ## - CATALOGING SOURCE
Original cataloging agency EG-GiCUC
Language of cataloging fre
Transcribing agency EG-GiCUC
Modifying agency EG-GiCUC
Description conventions Rda
041 0# - LANGUAGE CODE
Language code of text/sound track or separate title fre
082 04 - DEWEY DECIMAL CLASSIFICATION NUMBER
Edition number 21
Classification number 341.851
Item number LA . R
092 04 - LOCALLY ASSIGNED DEWEY CALL NUMBER (OCLC)
Edition number 21
099 ## - LOCAL FREE-TEXT CALL NUMBER (OCLC)
Classification number Law1 12 341.851 LA . R 1905
100 1# - MAIN ENTRY--PERSONAL NAME
Personal name Lapradelle, A. de
Relator term Auteur
245 10 - TITLE STATEMENT
Title Recueil des arbitrages internationaux.
Number of part/section of a work Tome Premier,
Remainder of title 1798 - 1855 /
Statement of responsibility, etc. A. de Lapradelle, N. Politis.
264 #1 - PRODUCTION, PUBLICATION, DISTRIBUTION, MANUFACTURE, AND COPYRIGHT NOTICE
Place of production, publication, distribution, manufacture Paris :
Name of producer, publisher, distributor, manufacturer A. Pedone,
Date of production, publication, distribution, manufacture, or copyright notice 1905.
300 ## - PHYSICAL DESCRIPTION
Extent 863 page ;
Dimensions 24 cm.
336 ## - CONTENT TYPE
Source rda contenu
Content type term texte
337 ## - MEDIA TYPE
Source rda medias
Media type term Ordinateur
338 ## - CARRIER TYPE
Source transporteur rda
Carrier type term Ressource en ligne
546 ## - LANGUAGE NOTE
Language note Texte en français
650 14 - SUBJECT ADDED ENTRY--TOPICAL TERM
Topical term or geographic name entry element Public international law
700 1# - ADDED ENTRY--PERSONAL NAME
Personal name Politis, N.
Relator term Co-Auteur
856 40 - ELECTRONIC LOCATION AND ACCESS
Uniform Resource Identifier <a href="https://fll.law.cu.edu.eg/fulltext/bks/B12-02734.pdf">https://fll.law.cu.edu.eg/fulltext/bks/B12-02734.pdf</a>
905 ## - Cataloger and Reviser Names
Cataloger Name: Abdulrhman Sobhy
942 ## - ADDED ENTRY ELEMENTS (KOHA)
Source of classification or shelving scheme Dewey Decimal Classification
Koha item type Books
Edition 21
Suppress in OPAC No
Holdings
Withdrawn status Lost status Source of classification or shelving scheme Materials specified (bound volume or other part) Damaged status Not for loan Collection Home library Current library Date acquired Total checkouts Full call number Barcode Date last seen Copy number Price effective from Koha item type
    Dewey Decimal Classification V1   Not for loan القانون الدولي الخاص جــــامعة القــاهرة مكتبة كلية الحقوق - المبنى الرئيسي 31.03.2026   Law1 12 341.851 LA . R 1905 1202734 V1, C1 B12-02734 31.03.2026 1 31.03.2026 Books

© All rights reserved — Faculty of Law, Cairo University